00660nam a22001577a 4500003000400000005001700004008004100021040001800062100003900080245015500119260002300274650006300297650002500360700002500385856009200410OSt20240903153029.0240903b ||||| |||| 00| 0 eng d cAIMIT LIBRARY aMonteiro, Marlyn Lavisha.e2216099 aAnalysing the impact of covid 19 on revenue growth and financial performance of campco limited /cBy Marlyn Lavisha Monteiro ; Guided by Dhananjaya K. aMangaluru ;c2024. aIndustry profile company profile introduction to the study aResearch methodology aK Dhananjaya.eGuide 3Centralarecanut and cocoa marketing and processing co operative limiteduwww.campco.org